Statistiques concernant Confidences pour confidences

Cliquez ici pour prendre le quiz!

Statistiques générales

  • Ce quiz a été pris 34 fois
  • Le résultat moyen est 281 sur 339

Statistiques - réponses

Réponse% Correct
je
100%
moi
100%
que
97%
à
93%
de
93%
me
93%
pour
93%
suis
93%
vous
93%
ça
90%
c'est
90%
confidence
90%
fou
90%
j'aime
90%
mais
86%
travers
86%
m'aimez
83%
pas
83%
voulez
83%
fous
79%
si
79%
tout
79%
du
72%
et
72%
genoux
72%
aimez
69%
les
69%
sans
66%
fait
62%
rien
62%
sentiment
62%
j'en
59%
n'etes
59%
peur
59%
caresses
55%
tant
55%
chez
52%
dites
52%
restez
52%
avoue
48%
peux
48%
m'en
45%
pis
45%
vivre
45%
contre
41%
joue
41%
veux
41%
voulais
38%
jamais
34%
aimez-moi
31%
n'oubliez
31%
taisez-vous
31%
toujours
31%
j'oublie
28%
l'avez
28%
pleurez
28%
voulu
28%
révoltée
24%

Distribution des résultats

Percentile par nombre de réponses

% des personnes avec chaque résultat

Votre développement - résultats

Vous n’avez pas pris ce quiz